00333nam a22001337a 4500008004100000082001700041100001700058245004200075250001200117260002600129300001500155365001000170650001900180200609b ||||| |||| 00| 0 eng d00a536.7bS6421 aSmith, R. A.10aPhysical principles of thermodynamics a1st ed. aLondonbChapmanc1952 axiii,280p. d22.94 0aThermodynamics